000 00279nam a22001217a 4500
008 160518b xxu||||| |||| 00| 0 eng d
020 _a9780132097277
020 _a0132097273
041 _aeng
080 _a61
245 _aNon human primates:
_cFrances Burton;
942 _2udc
_cBK
999 _c2196
_d2196